|
|
|
|
| LEADER |
00847nam a22002057a 4500 |
| 008 |
200106b xxu||||| |||| 00| 0 eng d |
| 999 |
|
|
|c 28132
|d 28132
|
| 020 |
|
|
|a 9788188023561
|
| 082 |
|
|
|a 297.12205
|b WAH
|
| 100 |
|
|
|a വാഹിദ്, പി. എ.
|
| 240 |
|
|
|a Vishudha quraan shastra vyakhyam
|
| 245 |
|
|
|a വിശുദ്ധ ഖുര്ആന് ശാസ്ത്രവ്യാഖ്യാനം /
|c പി. എ. വാഹിദ്
|
| 250 |
|
|
|a 1st ed.
|
| 260 |
|
|
|a കോഴിക്കോട് :
|b ലിപി പബ്ലിക്കേഷന്സ്,
|c 2019.
|
| 300 |
|
|
|a 239p.
|
| 650 |
|
|
|a Quran
|
| 650 |
|
|
|a Islam
|
| 700 |
|
|
|a Wahid, P. A.
|
| 942 |
|
|
|2 ddc
|c BK
|
| 952 |
|
|
|0 0
|1 0
|2 ddc
|4 0
|6 297_122050000000000_WAH
|7 0
|9 38638
|a MAIN
|b MAIN
|d 2020-01-06
|e Lipi Publication
|g 240.00
|o 297.12205 WAH
|p 35543
|r 2020-01-06
|t 1
|w 2020-01-06
|y BK
|